The Impact of Covid-19 Pandemic on Vulnerable Groups in the Labour Market

Identifikácia a zhrnutie vývoja na trhu práce, spojeného s pandémiou COVID-19 a jeho vplyv na zraniteľné skupiny na trhu práce.

Salvato in:
Dettagli Bibliografici
Autore principale: Klimko, Roman, 1985-
Natura: Capitolo di libro
Lingua:inglese
Soggetti:
Tags: Aggiungi Tag
Nessun Tag, puoi essere il primo ad aggiungerne!!

MARC

LEADER 00000naa$a2200000$$$4500
001 0296353
005 20240717115440.7
041 0 |a eng 
044 |a HR 
245 1 0 |a The Impact of Covid-19 Pandemic on Vulnerable Groups in the Labour Market  |c Roman Klimko 
520 |a Identifikácia a zhrnutie vývoja na trhu práce, spojeného s pandémiou COVID-19 a jeho vplyv na zraniteľné skupiny na trhu práce. 
610 2 0 |a pandémia 
610 2 0 |a trh práce 
610 2 0 |a skupiny sociálne 
610 2 0 |a dôsledky sociálne 
100 1 |a Klimko, Roman, 1985-